[Event "Oberfranken-ch Seniors"]
[Site "Bischofsgruen"]
[Date "2009.06.10"]
[Round "6"]
[White "Weigel, Herbert"]
[Black "Otto, Klaus"]
[Result "1-0"]
[WhiteElo "2158"]
[BlackElo "1929"]
[PlyCount "95"]
[EventDate "2009.06.05"]
[EventType "swiss"]
[EventRounds "9"]
[EventCountry "GER"]
[SourceTitle "EXT 2012"]
[Source "ChessBase"]
[SourceDate "2011.11.24"]
[SourceVersion "1"]
[SourceVersionDate "2011.11.24"]
[SourceQuality "1"]

1. e4 e6 2. d4 d5 3. Nd2 c5 4. exd5 Qxd5 5. Ngf3 cxd4 6. Bc4 Qd8 7. 0-0 Nf6 8. Nb3 Nc6 9. Nbxd4 Nxd4 10. Nxd4 Bc5 11. Nb3 Qxd1 12. Rxd1 Bb6 13. Bg5 Ne4 14. Bb5+ Kf8 15. Be3 Ke7 16. Bd3 Bxe3 17. Bxe4 Bb6 18. a4 Rb8 19. Rd2 f5 20. Bd3 Rd8 21. Re2 Kf6 22. Rae1 Rd6 23. Bc4 Bd7 24. a5 Bc7 25. Nc5 Bc8 26. Nxe6 Bxa5 27. c3 Bxe6 28. Rxe6+ Rxe6 29. Rxe6+ Kg5 30. g3 g6 31. Re7 Kh6 32. Bd5 Rd8 33. c4 Bb6 34. b4 Bd4 35. Rxb7 Rd6 36. Bg8 a5 37. Rxh7+ Kg5 38. bxa5 Ra6 39. Kg2 f4 40. h4+ Kf5 41. Kf3 fxg3 42. fxg3 Rxa5 43. g4+ Ke5 44. Re7+ Kf6 45. Rd7 Bb2 46. Rb7 Bc3 47. Ke4 Re5+ 48. Kd3 1-0

[Event "Oberfranken-ch Seniors"]
[Site "Bischofsgruen"]
[Date "2009.06.08"]
[Round "4"]
[White "Bullock, Alfred"]
[Black "Otto, Klaus"]
[Result "0-1"]
[WhiteElo "1724"]
[BlackElo "1929"]
[PlyCount "88"]
[EventDate "2009.06.05"]
[EventType "swiss"]
[EventRounds "9"]
[EventCountry "GER"]
[SourceTitle "EXT 2012"]
[Source "ChessBase"]
[SourceDate "2011.11.24"]
[SourceVersion "1"]
[SourceVersionDate "2011.11.24"]
[SourceQuality "1"]

1. d3 Nf6 2. Nd2 d5 3. e4 dxe4 4. Nxe4 Nxe4 5. dxe4 Qxd1+ 6. Kxd1 e5 7. Nf3 Bg4 8. Be3 Nc6 9. Bd3 0-0-0 10. Ke2 a6 11. c3 f6 12. h3 Be6 13. Nd2 Be7 14. Bc4 Rxd2+ 15. Bxd2 Bxc4+ 16. Kf3 Rd8 17. Be3 Rd3 18. b3 Be6 19. Rac1 f5 20. Rhd1 Rxd1 21. Rxd1 f4 22. Bc1 h5 23. g4 hxg4+ 24. hxg4 Nd8 25. Rg1 Nf7 26. Ke2 Nd6 27. f3 Nb5 28. Bb2 Nd6 29. Rh1 Nf7 30. c4 b5 31. cxb5 axb5 32. Rh7 Bf8 33. Rh5 g5 34. Rh1 Kb7 35. Kd3 c5 36. a4 c4+ 37. bxc4 Bxc4+ 38. Kd2 bxa4 39. Rb1 Ka6 40. Rc1 Bb4+ 41. Bc3 Bxc3+ 42. Rxc3 Kb5 43. Rc1 Kb4 44. Rb1+ Bb3 0-1

[Event "Oberfranken-ch Seniors"]
[Site "Bischofsgruen"]
[Date "2009.06.05"]
[Round "1"]
[White "Otto, Klaus"]
[Black "Tuertmann, Dieter"]
[Result "0-1"]
[WhiteElo "1929"]
[BlackElo "1992"]
[PlyCount "72"]
[EventDate "2009.06.05"]
[EventType "swiss"]
[EventRounds "9"]
[EventCountry "GER"]
[SourceTitle "EXT 2012"]
[Source "ChessBase"]
[SourceDate "2011.11.24"]
[SourceVersion "1"]
[SourceVersionDate "2011.11.24"]
[SourceQuality "1"]

1. e4 c6 2. d3 d5 3. Nd2 e5 4. Ngf3 Bg4 5. Be2 Bd6 6. h3 Be6 7. 0-0 h6 8. d4 Nd7 9. dxe5 Nxe5 10. Nxe5 Bxe5 11. Nf3 Bc7 12. exd5 Qxd5 13. Qxd5 Bxd5 14. Re1 0-0-0 15. Be3 Kb8 16. Red1 Ne7 17. c4 Be6 18. Bc5 Nf5 19. Rxd8+ Rxd8 20. g4 Nd6 21. Bxd6 Bxd6 22. b3 Kc7 23. Rd1 g6 24. Kg2 Re8 25. Bd3 Rd8 26. Bc2 a5 27. Nd4 Bc8 28. Ne2 Re8 29. Kf1 h5 30. f3 hxg4 31. hxg4 Rh8 32. Nd4 Be5 33. Rd2 Rh1+ 34. Ke2 Rh2+ 35. Kd1 Rxd2+ 36. Kxd2 Bxd4 0-1

[Event "Chiemgau Seniors Cup 3th"]
[Site "Bergen"]
[Date "2007.10.28"]
[Round "7"]
[White "Hermann, Josef"]
[Black "Otto, Klaus"]
[Result "0-1"]
[WhiteElo "1647"]
[BlackElo "1557"]
[PlyCount "82"]
[EventDate "2007.10.22"]
[EventType "swiss"]
[EventRounds "9"]
[EventCountry "GER"]
[SourceTitle "EXT 2008"]
[Source "ChessBase"]
[SourceDate "2007.11.25"]
[SourceVersion "1"]
[SourceVersionDate "2007.11.25"]
[SourceQuality "1"]

1. c4 Nf6 2. Nf3 e6 3. d4 d5 4. Nc3 dxc4 5. e4 Bb4 6. Bg5 Be7 7. Bxc4 h6 8. Bf4 Bb4 9. Qc2 0-0 10. 0-0 Nbd7 11. e5 Ne8 12. Bd3 c5 13. Rad1 Bxc3 14. bxc3 cxd4 15. cxd4 Nc7 16. Be4 Nb6 17. Rfe1 Ncd5 18. Bg3 Bd7 19. Qb1 Nc3 20. Qb2 Nxd1 21. Rxd1 Bc6 22. Bb1 Bxf3 23. gxf3 Rc8 24. Bf4 Nd5 25. Bd2 Qb6 26. Qa1 Rc4 27. Bc1 Nc3 28. Bd3 Rc7 29. Rd2 Rfc8 30. Bb2 Qc6 31. Kg2 Qa4 32. a3 Nd5 33. Kg3 g5 34. Qe1 Nf4 35. Bb1 Qc6 36. Be4 Qe8 37. Bb1 Qf8 38. Qe4 Qg7 39. Rd1 Qg6 40. Qe1 Qh5 41. h4 Qxh4# 0-1

[Event "Chiemgau Seniors Cup 3th"]
[Site "Bergen"]
[Date "2007.10.27"]
[Round "6"]
[White "Otto, Klaus"]
[Black "Schmidt, Wolfgang4444"]
[Result "1/2-1/2"]
[WhiteElo "1557"]
[BlackElo "1615"]
[PlyCount "82"]
[EventDate "2007.10.22"]
[EventType "swiss"]
[EventRounds "9"]
[EventCountry "GER"]
[SourceTitle "EXT 2008"]
[Source "ChessBase"]
[SourceDate "2007.11.25"]
[SourceVersion "1"]
[SourceVersionDate "2007.11.25"]
[SourceQuality "1"]

1. e4 c6 2. d3 d5 3. Nd2 e5 4. Ngf3 Nd7 5. d4 exd4 6. exd5 cxd5 7. Nxd4 Ngf6 8. Bb5 a6 9. Ba4 Be7 10. 0-0 0-0 11. Re1 Nc5 12. Bb3 Nxb3 13. N2xb3 Bg4 14. f3 Bd7 15. Bg5 Re8 16. Kh1 h6 17. Bh4 Nh7 18. Bxe7 Rxe7 19. Qd2 Nf8 20. Rxe7 Qxe7 21. Re1 Qd6 22. c3 a5 23. a3 Ne6 24. Nf5 Qb6 25. Qxd5 Ba4 26. Nbd4 Rd8 27. Qe5 Qc7 28. Qxc7 Nxc7 29. Re7 Rd7 30. Rxd7 Bxd7 31. Nd6 b6 32. Nc4 Nd5 33. Kg1 Kf8 34. Kf2 Ke7 35. g3 a4 36. f4 f6 37. f5 b5 38. Ne3 Kd6 39. Ke2 h5 40. Kd3 Nxe3 41. Kxe3 Ke5 1/2-1/2

[Event "Chiemgau Seniors Cup 3th"]
[Site "Bergen"]
[Date "2007.10.24"]
[Round "3"]
[White "Stadler, Lothar"]
[Black "Otto, Klaus"]
[Result "1/2-1/2"]
[WhiteElo "1707"]
[BlackElo "1557"]
[PlyCount "118"]
[EventDate "2007.10.22"]
[EventType "swiss"]
[EventRounds "9"]
[EventCountry "GER"]
[SourceTitle "EXT 2008"]
[Source "ChessBase"]
[SourceDate "2007.11.25"]
[SourceVersion "1"]
[SourceVersionDate "2007.11.25"]
[SourceQuality "1"]

1. c4 Nf6 2. d4 e5 3. dxe5 Ng4 4. Nf3 Nc6 5. Qd5 Bb4+ 6. Nc3 Qe7 7. Bf4 Bxc3+ 8. bxc3 f6 9. exf6 Nxf6 10. Qb5 a6 11. Qg5 d6 12. e3 h6 13. Qg6+ Qf7 14. Qc2 Be6 15. Bd3 0-0 16. Nd2 Nd7 17. 0-0 Nde5 18. Bxe5 Nxe5 19. f4 Nxc4 20. Bh7+ Kh8 21. Bg6 Qf6 22. Nxc4 Bxc4 23. Rf3 Bf7 24. Bd3 d5 25. Re1 Rae8 26. Qd2 c6 27. Rg3 Re6 28. Bb1 Bg8 29. Rh3 Bh7 30. g4 Bxb1 31. Rxb1 Qe7 32. g5 Kg8 33. gxh6 Rg6+ 34. Kf2 gxh6 35. Qc2 Rff6 36. Qb3 Qe4 37. Rg3 b5 38. Rbg1 a5 39. Qd1 Rxg3 40. hxg3 Rg6 41. Rh1 Kg7 42. Rh5 Re6 43. Qg4+ Qg6 44. Qxg6+ Kxg6 45. g4 Re4 46. Ke2 Ra4 47. f5+ Kg7 48. g5 Rxa2+ 49. Kd3 hxg5 50. Rxg5+ Kf6 51. Rg6+ Kxf5 52. Rxc6 Ke5 53. Rc5 b4 54. cxb4 Ra3+ 55. Kd2 axb4 56. Rb5 Ra2+ 57. Kd3 Ra3+ 58. Kd2 Ra2+ 59. Kd3 Ra3+ 1/2-1/2

[Event "Chiemgau Seniors Cup 3th"]
[Site "Bergen"]
[Date "2007.10.23"]
[Round "2"]
[White "Otto, Klaus"]
[Black "Oser, Thor"]
[Result "1/2-1/2"]
[WhiteElo "1557"]
[BlackElo "1641"]
[PlyCount "34"]
[EventDate "2007.10.22"]
[EventType "swiss"]
[EventRounds "9"]
[EventCountry "GER"]
[SourceTitle "EXT 2008"]
[Source "ChessBase"]
[SourceDate "2007.11.25"]
[SourceVersion "1"]
[SourceVersionDate "2007.11.25"]
[SourceQuality "1"]

1. e4 c5 2. Nf3 Nc6 3. d4 cxd4 4. Nxd4 d6 5. Nc3 Nf6 6. Be2 g6 7. Be3 Bg7 8. f3 0-0 9. Qd2 a6 10. g4 Nxd4 11. Bxd4 e5 12. Be3 Be6 13. a4 d5 14. exd5 Nxd5 15. Nxd5 Qxd5 16. Qxd5 Bxd5 17. 0-0 Bc6 1/2-1/2